| 000 | 00840nam a2200205 i 4500 | ||
|---|---|---|---|
| 001 | 50757 | ||
| 003 | ES-MaACL | ||
| 005 | 20260127062529.0 | ||
| 007 | t| | ||
| 008 | 030806s1951 sp ||||1| spa d | ||
| 100 | 1 |
_aCuello Calón, Eugenio. _941986 |
|
| 245 | 1 | 3 |
_aEl problema jurídico-penal de la eutanasia _b: discurso leído el día 24 de abril de 1951 en su recepción pública / _cpor Eugenio Cuello Calón ; y en contestación de Eloy Montero Gutiérrez. |
| 260 |
_aMadrid : _b[s.n., _c1951] ( _fImp. Viuda Galo Sèz) |
||
| 300 |
_a92 p. ; _c24 cm. |
||
| 500 | _aPrecede al tít.: Real Academia de Jurisprudencia y Legislación. | ||
| 700 | 1 |
_aMontero Gutiérrez, Eloy. _982525 |
|
| 700 |
_aReal Academia de Jurisprudencia y Legislación de España _9217612 |
||
| 852 |
_aES-MaACL _j1928-F-9 _bR.31355 |
||
| 999 |
_c50757 _d50757 |
||